| 000 | 00562nam a2200193Ia 4500 | ||
|---|---|---|---|
| 003 | GCL | ||
| 008 | 140319s9999 xx 000 0 ara d | ||
| 040 |
_aGCL / _cGCL |
||
| 082 | 0 | 4 |
_a953.09 _bع ف |
| 100 | 1 | _aعبدالمنصف مجدى بكر | |
| 245 | 1 | 0 |
_aفصول من التاريخ العثمانى / _cعبدالمنصف مجدى بكر |
| 260 |
_a[S.N] : _bلا يوجد ، _c1992 |
||
| 300 | _a257 ص | ||
| 490 | _a | ||
| 650 | 0 | 4 | _aتاريخ |
| 650 | 0 | 4 | _aتركيا |
| 650 | 0 | 4 | _aالامبراطورية العثمانية |
| 942 |
_2ddc _cBK |
||
| 999 |
_c35858 _d35858 |
||